| 000 | 00746nam a2200217Ia 4500 | ||
|---|---|---|---|
| 008 | 201007s9999||||xx |||||||||||||| ||und|| | ||
| 020 | _a7520311473 | ||
| 020 | _a9787520311472 | ||
| 041 | _achi | ||
| 050 |
_aDS751.72 _b.S85 2017 |
||
| 100 | _a孙建权 | ||
| 245 | 0 |
_a守本纳新: _b辽金赦宥制度研究 / _c孙建权 |
|
| 246 |
_a守本納新 : _b遼金赦宥制度研究/ |
||
| 260 |
_a北京 : _b中国社会科学出版社, _c2017 |
||
| 300 |
_a3, 2, 243 p. : _bill, map. ; _c24 cm. |
||
| 490 | _a国家社科基金后期资助项目 | ||
| 650 | _aChina -- History -- Jin dynasty, 1115-1234. | ||
| 650 | _aChina -- History -- Liao dynasty, 947-1125. | ||
| 650 | _aChina -- Politics and government -- 960-1279. | ||
| 999 |
_c30049 _d30049 |
||